Paroles de Le diable ne s'habille plus en Prada - Soprano - Statistiques

Statistiques générales
  • Ce quiz a été pris 173 fois
  • Le résultat moyen est 307 sur 394
Statistiques - réponses
Hint Réponse % Correct
en
98%
le
98%
R Le
98%
plus
98%
à
95%
a
95%
de
95%
et
95%
Prada
94%
prada
94%
Diable
93%
diable
93%
les
93%
Les
93%
s'habille
93%
ma
92%
m'a
92%
hommes
91%
mon
91%
des
89%
Je
89%
On
89%
sa
89%
ses
89%
il
86%
femme
85%
lui
84%
ont
84%
pris
84%
que
84%
son
84%
fait
83%
sur
83%
est
82%
depuis
80%
gosses
80%
mes
80%
moi
80%
moi.
80%
C | c Monsieur
80%
un
80%
au
77%
pour
77%
bien
76%
Mais
76%
mais
76%
riche
76%
job
75%
n'a
75%
pire
75%
quon
75%
qu'on
75%
avant
74%
du
74%
heureux
74%
Oui
74%
oui
74%
poches
74%
Non
73%
Terre
73%
grand
72%
la
72%
vraiment
71%
font
70%
j'étais
70%
tous
70%
tout
70%
monde
69%
chute
68%
d'emprise
68%
bon
67%
dépassé
66%
malheur
66%
maître
65%
bonheur
64%
l'élève
64%
Lucifer
64%
conseiller
63%
Dieu
63%
l'enfer
63%
l'Enfer
63%
globe
62%
une
62%
vous
62%
appel
61%
feu
61%
leur
61%
même
61%
n'ont
61%
uns
61%
voeux
61%
yeux
61%
besoin
60%
avec
59%
qu'les
59%
nom
58%
véreux
58%
faisait
57%
fermant
57%
services
57%
malheureux
56%
péché
56%
changé
55%
fructueux
55%
aux
54%
J'ai
54%
j'ai
54%
l'époque
53%
leurs
53%
folie
52%
prendre
52%
d'aujourd'hui
51%
toujours
51%
désir
50%
gros
50%
meurtrière
50%
n'est
50%
volé
50%
business
49%
certains
49%
chez
49%
télé
49%
bel
48%
généreux
48%
l'Afrique
48%
l'éducation
48%
mettre
48%
morveux
48%
pétrole
48%
beuh
47%
brûle
47%
raison
47%
silencieux
47%
beaucoup
46%
creux
46%
exercent
46%
légitime
46%
neurones
46%
Internet
45%
perdu
45%
richesse
45%
porte-feuille
44%
pouvoir
44%
malgré
43%
pays
43%
signait
43%
vendant
43%
chiffre
42%
lieux
42%
faisais
41%
restons
40%
hauts
39%
rétrecissent
38%
J'offrais
34%
proches
10%
Aucun quiz correspondant
Distribution des résultats
% des personnes avec chaque résultat
Percentile par nombre de réponses
Votre historique - résultats
Vous n’avez pas pris ce quiz